Black Religion and Black Radicalism (Record no. 9971)

MARC details
000 -LEADER
fixed length control field 00627nam a2200241 a 4500
020 ## - INTERNATIONAL STANDARD BOOK NUMBER
ISBN 0883446
082 00 - DEWEY DECIMAL CLASSIFICATION NUMBER
Classification number 276.0973
Author Cutter WIL
100 ## - MAIN ENTRY--AUTHOR NAME
Author name Wilmore, Gayraud S
245 ## - TITLE STATEMENT
Title Black Religion and Black Radicalism
260 ## - PUBLICATION, DISTRIBUTION, ETC. (IMPRINT)
Place of publication New York
Name of publisher Orbis Books
Year of publication 1983
300 ## - PHYSICAL DESCRIPTION
Number of Pages 288p
500 ## - GENERAL NOTE
General note includes index and biblioraphy
505 2# - FORMATTED CONTENTS NOTE
Formatted contents note Notes, Bibliography, Index
650 ## - SUBJECT ADDED ENTRY--TOPICAL TERM
Topical Term Afro-American Chruches
942 ## - ADDED ENTRY ELEMENTS (KOHA)
Koha item type Books
700 1# -
-- Wilmore, Gayraud S
Holdings
Collection code Home library Current library Date acquired Cost, normal purchase price Full call number Accession Number Koha item type
  Henry Martyn Institute Library Henry Martyn Institute Library 07/19/2007 833.00 276.0973 WIL 017107 Books
                   Copyright © 2026 | Henry Martyn Institute | Hyderabad | TS-500052 | INDIA | Implemented by hmi.edu.in
Hit-Count:

Powered by Koha